000 00861nam a22002657a 4500
999 _c135973
_d135973
003 dpl0
005 20190123160242.0
008 180713b xxu||||| |||| 00| 0 eng d0
010 _aB-107088
020 _c00.00
_a8185053596
035 _aB-107088, B-107119, B-107096,B-107119, B-107093, B-107116
037 _bCen Lib/Ret
040 _aDPL
_bEN
_c0
082 _a613.7
_bYOG
110 _aMumbai.International Board of Yoga
_999906
245 _aYoga for children teacher's handbook /
250 _a3rd ed.
260 _aMumbai
_bInternational Board of Yoga
_c2002
270 _aPrabhat Colony, Santacruz
_bMumbai
_e400055
300 _axi,115p. :
_c20cm(Hb)
_bill.
500 _aIncludes bibliographical references and index
650 _aPhysical Fitness
_919224
650 _aYoga
_9107469
942 _2ddc
_cEN
_h613.7
_mYOG